000 00894nam a22002537a 4500
999 _c15542
_d15542
003 AR-CdUCM
008 190429b ||||| |||| 00| 0 spa d
020 _a968-816-085-7
040 _aMUNICIPALIDAD PROVINCIAL DEL CUSCO
_cBIBLIOTECA MUNICIPAL DEL CUSCO
082 _a082 /
_bM12 / 1988
100 _aMacedo, Miguel S.
_934643
245 _aMi barrio :
_bensayo histórico /
260 _aMéxico :
_bDepartamento del distrito federal,
_c1988.
300 _a91 páginas ;
_bIlustraciones,
_c21 cm.
440 _aColección distrito federal ;
_n17
_934644
505 _aContenido: Ensayo histórico
650 _aCrónicas literarias peruanas
_913299
650 _aEnsayo histórico
_93178
650 _aSiglo XX.
_98
710 _aDepartamento del distrito federal
_912486
710 _aSecretaria general de desarrollo social
_934645
942 _2ddc
_cLIBROS
945 _aacv
_d2019-04-29